Gli indifferenti : romanzo /

সংরক্ষণ করুন:
গ্রন্থ-পঞ্জীর বিবরন
প্রধান লেখক: Moravia, Alberto
বিন্যাস: গ্রন্থ
ভাষা:ইতালিয়
প্রকাশিত: Milano : Bompiani, 1962
সংস্করন:13. ed
মালা:I delfini ; 122
ট্যাগগুলো: ট্যাগ যুক্ত করুন
কোনো ট্যাগ নেই, প্রথমজন হিসাবে ট্যাগ করুন!

MARC

LEADER 00000nam a22000007i 4500
001 IT\ICCU\BRI\0423782
003 ItRI
005 20250727172002.0
008 090220s1962 it |||||| ||||| |||||c
040 |b ita  |c ct 
041 7 |a ita  |2 ISO-639-2 
100 1 |a Moravia, Alberto  |0 IT\ICCU\CFIV\000648 
240 1 4 |a Gli indifferenti  |9 Moravia, Alberto 
245 1 4 |a Gli indifferenti :  |b romanzo /  |c di Alberto Moravia. 
250 |a 13. ed 
260 |a Milano :  |b Bompiani,  |c 1962 
300 |a 349 p. ;  |c 21 cm 
830 2 |a I delfini ;  |v 122  |0 IT\ICCU\RAV\0033167 
942 |2 ddc  |c BK 
952 |0 0  |1 0  |2 ddc  |4 0  |6 B_LNR02MORALIND11  |7 0  |9 7784  |a MI  |b MI  |d 2013-02-11  |i 6540  |l 0  |o B-LNR02-MORAL-IND11  |p CDOM6540  |r 2025-07-13 16:28:47  |w 2025-07-13  |x acquisto  |y BK 
981 1 |6 z01  |a i   |b xxxe  
982 1 |6 z01  |a n 
999 |c 6457  |d 6457